Country Quiz! A - Statistics

General Stats
  • This quiz has been taken 25 times
  • The average score is 9 of 11
Answers on the Map
Answers color-coded by a green-red scale on the quiz's map according to % correct below.
 
Answer Stats
Answer % Correct
Algeria
96%
Australia
92%
Albania
88%
Argentina
88%
Austria
88%
Angola
83%
Armenia
83%
Azerbaijan
83%
Afghanistan
75%
Andorra
75%
Antigua
63%
No matching quizzes found
Score Distribution
Percent of People with Each Score
Percentile by Number Answered
Your Score History
You have not taken this quiz